Responses for Show #2172 - Tuesday, February 1, 1994

Tom Nichols game 2.

Contestants

[<< previous game]

Laurie Goldman, a whale researcher from Provincetown, Massachusetts

David Westgor, an attorney originally from Sioux Falls, South Dakota

Tom Nichols, a professor originally from Chicopee, Massachusetts (whose 1-day cash winnings total $14,100)

[next game >>]

Jeopardy! Round responses

STATE CAPITAL NICKNAMES
OLD-TIME RADIO
HINTS FROM HELOISE
BESTSELLERS
WEAPONS
THE "I"s HAVE IT
    $100 2
Boston

Tom
    $100 16
Jack Armstrong

Tom
    $100 20
your nails

Tom
    $100 11
Scarlett

Tom
    $100 1
a whip

David
    $100 17
Ireland

David
    $200 7
Frankfort

Laurie
    $200 18
the Shadow

Tom
    $200 26
stamps

Tom
    $200 12
Sidney Sheldon

Tom
    $200 3
lead

Tom
    $200 19
(Laurie: What is ironclad?)

intestinal

DavidLaurie
    $300 8
Juneau

David
    $300 24
Kate Smith

David
    $300 27
a pumpkin

Tom
    $300 13
Harold Robbins

Triple Stumper
    $300 4
dynamite

Tom
    $300 21
invisible ink

Tom
    $400 9
Denver

Laurie
    $400 25
Fibber McGee & Molly

Tom
    $400 28
a thimble

David
    $400 14
Anne Rice

Laurie
    $400 5
an arrow

Triple Stumper
    $400 22
an imp

David
    $500 10
Annapolis

Tom
    $500 30
(David: Who is Bob Hope?)

Ed Wynn

David
Triple Stumper
    $500 29
a dryer

Tom
    $500 15
Tony Hillerman

Laurie
    $500 6
a sock (stocking)

David
    $500 23
Ionic

David

Scores at the first commercial break (after clue 15):

Tom David Laurie
$1,400 $900 $1,500

Scores at the end of the Jeopardy! Round:

Tom David Laurie
$3,500 $2,300 $1,300

Double Jeopardy! Round responses

WORLD HISTORY
THE NATIONAL GALLERY OF ART
POLITICIANS
U.S. COMMEMORATIVE COINS
ANATOMY
DRAMA
    $200 8
Israel

Laurie
    $200 22
Napoleon

Tom
    $200 3
(Bill) Bradley

Tom
    $200 16
Columbus

Tom
    $200 19
the heart

Tom
    $200 1
(David: Who is Barrymore?)
(Alex: Be more specific.)

John Barrymore

David
    $400 12
Mata Hari

Tom
    $400 25
Rome

David
    $400 4
John Glenn

Triple Stumper
    $400 17
(P.T.) Barnum

Tom
    $400 23
the femoral

David
    $400 2
Ibsen

Tom
    $600 13
(David: What is Norway?)

Denmark

DavidLaurie
    $600 26
Rip Van Winkle

Tom
    $600 5
Moynihan

Tom
    $600 18
the Constitution

Laurie
    $600 24
the solar plexus

David
    $1,000 9
The Cherry Orchard

Laurie
    $800 14
the Philippines

Tom
    $800 29
Toledo

David
    $1,500 6
John Warner

Tom
    $800 20
(Tom: What is the Statue of Liberty?)
(David: The taking of Iwo Jima?)

Mount Rushmore

TomDavid
Triple Stumper
    $800 27
(David: What are corpuscles?)
(Tom: What are thrombocytes?)
(Laurie: What are hemocytes?)

erythrocytes

TomDavidLaurie
Triple Stumper
    $800 10
Stanislavsky

David
    $1000 15
Pyongyang

Tom
    $1000 30
(Edvard) Munch

David
    $1000 7
(Alex: [*] Danforth Quayle.)

James

Tom
    $1000 21
The Minute Man

David
    $1000 28
the lacrimal

Laurie
    $1000 11
Pirandello

Tom

Scores at the end of the Double Jeopardy! Round:

Tom David Laurie
$10,400 $5,300 $3,900

[wagering suggestions for these scores]

Final Jeopardy! Round responses

ANCIENT CITIES
LaurieWhat is Illyria
$0
DavidWhat was Ephesus
$5,298
TomWhat is Ephesus?
$300
Tarsus

Final scores:

Tom David Laurie
$10,100 $2 $3,900
2-day champion: $24,200 3rd place: Gibson refrigerator/freezer 2nd place: "Prince of the Rainforest" by Nan Rae + Donjo dolphin sculpture

Game dynamics:

Coryat scores:

Tom David Laurie
$9,700 $5,300 $3,500
28 R
(including 1 DD),
2 W
17 R,
4 W
9 R
(including 2 DDs),
2 W

Combined Coryat: $18,500

[game clues] [game scores] [suggest correction]

Game tape date: 1993-11-02
The J! Archive is created by fans, for fans. Scraping, republication, monetization, and malicious use prohibited; this site may use cookies and collect identifying information. See terms. The Jeopardy! game show and all elements thereof, including but not limited to copyright and trademark thereto, are the property of Jeopardy Productions, Inc. and are protected under law. This website is not affiliated with, sponsored by, or operated by Jeopardy Productions, Inc. Join the discussion at JBoard.tv.